000 00280nam a2200109Ia 4500
005 20251222143129.0
008 251222s9999||||xx |||||||||||||| ||spa||
082 _a305.908.24/C81
245 0 _aEnfermos Mentales de la Calle
264 _bConferencia Episcopal Peruana
942 _cLIB
999 _c11836
_d11836